000 00285nam a2200109Ia 4500
008 240731s9999 xx 000 0 und d
245 4 _aThe European Journal of Surgery
260 _bTaylor & Francis
856 _uhttps://www.tandfonline.com/loi/isur20
942 _2ddc
942 _cTFEJ
999 _c79906
_d79906
945 _a1
_bMadushi Gamage
_c1
_dMadushi Gamage